000 00458nam a2200181 i 4500
001 bgj
100 1 _aPYM, Barbara.
245 1 0 _aA glass of blessings :
_ba novel /
_cBarbara Pym.
260 _aMiddlesex :
_bPenguin Books,
_c1980.
300 _a252 pp ;
_c18 cm.
650 9 _aMarried people
_zEngland
650 9 _aDomestic fiction
655 _aFiction
040 _cBPK
041 0 _aeng
942 _cKS
008 s uk f |000 0 eng
999 _c48916
_d48916
856 _uhttp://koha.tu.koszalin.pl/cgi-bin/koha/opac-detail.pl?biblionumber=48916
_yKatalog online BPK